000 00655nam a2200229 i 4500
001 C2-0238473
003 PPAK
005 20180727201540.0
008 020417s1998 xxka|||| ||||| | eng d
020 _a058230203X
040 _aPPAK
_beng
_cPPAK
_erda
082 0 4 _a423
_223
090 0 0 _a423
_bLON
_dR
245 0 0 _aLongman dictionary of english language and culture
264 1 _aEssex :
_bAddison Wesley Longman ,
_c1998
300 _axxiii, 1567 pages :
_billustrations ;
_c23 cm
336 _2rdacontent
_atext
337 _2rdamedia
_aunmediated
338 _2rdacarrier
_avolume
650 1 0 _aEnglish language - Dictionaries
942 _ddc
_cB
999 _c53824
_d53824